000 00948nam a2200265 i 4500
001 000008154
003 DO-SdBPM
005 20251209080934.0
007 ta
008 090915s1993 dr 000 0 spa d
040 _aDO-SdBPM
_bspa
_c BPMSU
_erda
_d
082 4 _a346.729304675
_bM843d 2000
_222
100 1 _aMoreno, Santa,
_d1962-
_eautor
245 1 3 _aLa deforestación en República Dominicana y sus consecuencias jurídicas /
_cSanta Moreno.
264 _aSanto Domingo :
_bBiblioteca República Dominicana,
_c1993.
300 _a117 páginas ;
_c22 cm.
336 _2rdacontent
_atexto
_btxt
337 _2rdamedia
_asin mediación
_bn
338 _2rdacarrier
_avolumen
_bnc
500 _aIncluye datos biográficos de la autora en la solapa de la contracubierta.
590 _aInventariado, 2025/VM
650 7 _aDeforestación
_xLegislación
_zRepública Dominicana
_2
910 _aVMAteo V. Control de calidad BPMSU
942 _2ddc
_cBK
999 _c15570
_d15570